Thử nghiệm sản xuất chế phẩm men tiêu hóa giàu protease bền nhiệt từ bacillus subtilis Ba 79
Tài liệu do giáo viên cung cấp
Guardado en:
| Autor principal: | |
|---|---|
| Otros Autores: | |
| Formato: | Libro |
| Lenguaje: | Undetermined |
| Materias: | |
| Acceso en línea: | http://lrc.tdmu.edu.vn/opac/search/detail.asp?aID=2&ID=39183 |
| Etiquetas: |
Agregar Etiqueta
Sin Etiquetas, Sea el primero en etiquetar este registro!
|
| Thư viện lưu trữ: | Trung tâm Học liệu Trường Đại học Thủ Dầu Một |
|---|
| LEADER | 00752nam a2200169Ia 4500 | ||
|---|---|---|---|
| 001 | TDMU_39183 | ||
| 008 | 210410s9999 xx 000 0 und d | ||
| 082 | |a 428.2 | ||
| 100 | |a Trần, Ngọc Hùng | ||
| 245 | 0 | |a Thử nghiệm sản xuất chế phẩm men tiêu hóa giàu protease bền nhiệt từ bacillus subtilis Ba 79 | |
| 245 | 0 | |c Trần Ngọc Hùng, Nguyễn Thanh Bình | |
| 300 | |a Tr.47-52 | ||
| 520 | |a Tài liệu do giáo viên cung cấp | ||
| 650 | |a Men tiêu hóa; Thức ăn viên; Bacillus Subtilis Ba 79 | ||
| 700 | |a Nguyễn, Thanh Bình | ||
| 856 | |u http://lrc.tdmu.edu.vn/opac/search/detail.asp?aID=2&ID=39183 | ||
| 980 | |a Trung tâm Học liệu Trường Đại học Thủ Dầu Một | ||